| 000 | 01233cam a2200337 a 4500 | ||
|---|---|---|---|
| 001 | 12426161 | ||
| 003 | ARRUPE | ||
| 005 | 20220524075650.0 | ||
| 008 | 010529r19961996nju b 001 0 eng | ||
| 010 | _a 2001427219 | ||
| 020 | _a0865432716 (paper) | ||
| 020 | _a0865432708 (cloth) | ||
| 040 |
_aDLC _cDLC _dDLC |
||
| 043 |
_af------ _an-us--- |
||
| 050 | 0 | 0 |
_aDT30 _b.C56 1991 |
| 082 | 0 | 0 |
_a305.896 _221 |
| 100 | 1 |
_aClarke, John Henrik, _d1915- _951780 |
|
| 245 | 1 | 0 |
_aAfricans at the crossroads : _bnotes for an African world revolution / _cJohn Henrik Clark. |
| 260 |
_aTrenton, N.J. : _bAfrica World Press, _cc1991 (1996 printing). |
||
| 300 |
_axv, 450 p. ; _c22 cm. |
||
| 504 | _aIncludes bibliographical references (p. 421-428) and index. | ||
| 650 | 0 |
_aBlack nationalism _xHistory _y20th century. _951781 |
|
| 650 | 0 |
_aAfrican Americans _xCivil rights. _951782 |
|
| 650 | 0 |
_aCivil rights movements _xHistory _y20th century. _951783 |
|
| 650 | 0 |
_aBlacks _xRace identity. _96154 |
|
| 651 | 0 |
_aAfrica _xPolitics and government _y1945-1960. _931761 |
|
| 651 | 0 |
_aAfrica _xHistoriography. _922525 |
|
| 906 |
_a7 _bcbc _corignew _d3 _encip _f20 _gy-gencatlg |
||
| 942 |
_2lcc _cMONOGRAPH |
||
| 999 |
_c131499 _d131499 |
||